000 00790nam a2200241 a 4500
001 000006603
005 20240412074204.0
008 090901s2007 xxu r 001 0 spa d
020 _a0979101123
040 _aDO-SdBNP
_bspa
_cBNPHU
082 _aRD861.44
_bM663h
100 1 _aMinaya, Leopoldo
_d1963-
_918314
245 1 3 _aLa hora llena :
_bpoemas imaginarios /
_cLeopoldo Minaya.
260 _aNew York :
_bObsidiana Press,
_c2007.
300 _a140 p. ;
_c22 cm.
490 1 _aNuevos grandes autores
500 _aIncluye datos biográficos del autor en la contracubierta
590 _aInventariado, 2018/BT
650 0 _aPoesía dominicana
_966
650 0 _aLiteratura dominicana.
_967
830 0 _aNuevos grandes autores
_918315
910 _aValidado. Control de calidad. MMOLINA
999 _c6394
_d6394